书目信息 |
| 题名: |
高等代数与解析几何(上)
|
|
| 作者: | 孟道骥 著 | |
| 分册: | ||
| 出版信息: | 北京 科学出版社 1998.08 |
|
| 页数: | 257页 | |
| 开本: | 32开 | |
| 丛书名: | ||
| 单 册: | ||
| 中图分类: | O13 | |
| 科图分类: | ||
| 主题词: | 高等数学 | |
| 电子资源: | ||
| ISBN: | 7-03-006194-7 | |
| 000 | 00558nam0 2200193 45 | |
| 001 | 0009051951 | |
| 005 | 20000905192122.0 | |
| 010 | @a7-03-006194-7@d14.00元 | |
| 100 | @a20000905d1998 km y0chiy0120 ea | |
| 101 | 0 | @achi |
| 105 | @a z 000yy | |
| 200 | 1 | @a高等代数与解析几何(上)@AGao Deng Dai Shu Yu Jie Xi Ji He(Shang)@f孟道骥 著@FMeng Dao Ji Zhu |
| 210 | @a北京@c科学出版社@d1998.08 | |
| 215 | @a257页@d32开 | |
| 606 | 0 | @a高等数学 |
| 690 | @aO13@v3 | |
| 701 | 0 | @a孟道骥@4著 |
| 801 | @aCN@bPftUser@c20000905 | |
| 905 | @b121369-373@dO13@eM910:1@f5 | |
| 高等代数与解析几何(上)/孟道骥 著.-北京:科学出版社,1998.08 |
| 257页;32开 |
| ISBN 7-03-006194-7:14.00元 |
| ● |
| 相关链接 |
|
|
|
正题名:高等代数与解析几何(上)
索取号:O13/M910:1
 
预约/预借
| 序号 | 登录号 | 条形码 | 馆藏地/架位号 | 状态 | 备注 |
| 1 | 121369 | 201213695 | 自科库401/401自科库 106排9列1层/ [索取号:O13/M910:1] | 在馆 | |
| 2 | 121370 | 201213702 | 自科二线504/504自科库 19排1列2层/ [索取号:O13/M910:1] | 在馆 | |
| 3 | 121371 | 201213711 | 自科库401/401自科库 106排9列1层/ [索取号:O13/M910:1] | 在馆 | |
| 4 | 121372 | 201213720 | 自科库401/401自科库 106排9列1层/ [索取号:O13/M910:1] | 在馆 | |
| 5 | 121373 | 201213739 | 自科二线504/504自科库 44排6列3层/ [索取号:O13/M910:1] | 在馆 |